| 000 | 00765cab a2200241 4500 | ||
|---|---|---|---|
| 001 | WB2907-01 | ||
| 008 | 090401t1993 xxu||||| |||| 00| 0 eng d | ||
| 035 | _a(Sirsi) u54350 | ||
| 041 | _aeng | ||
| 245 | _aRICS to get tough with arbitrators | ||
| 260 | _c1993 | ||
| 350 | _a0 | ||
| 490 |
_aBuilding _v258(7782) 19 February 1993, 12(1) |
||
| 520 | _aThe RICS is to tighten the rules on arbitrators to prevent problems of `conflicts of interest` | ||
| 650 | _aARBITRATORS | ||
| 650 | _aCONFLICTS OF INTEREST | ||
| 650 | _aPROFESSIONAL CONDUCT | ||
| 650 | _aPROFESSIONAL ETHICS | ||
| 650 | _aRICS | ||
| 690 | _aMANAGEMENT-DISPUTE AVOIDANCE, MANAGEMENT AND RESOLUTION-DISPUTE MANAGEMENT AND RESOLUTION-ARBITRATION | ||
| 942 | _n0 | ||
| 948 | _c04/03/1997 | ||
| 999 |
_c33315 _d33315 |
||